000 00382 a2200157 4500
001 48547
020 _a9788574125077
040 _cAnchieta - Bela Vista
100 _aKin, Stephen Michael
240 1 0 _aO caracol e a tartaruga são amigos
_lpor
245 1 0 _aO caracol e a tartaruga são amigos
300 _a32
362 0 _a2015
650 4 _aLiteratura infantil
942 _cBK
999 _c48547
_d48547